| 000 | 00584nam a22001577a 4500 | ||
|---|---|---|---|
| 999 |
_c535512 _d535512 |
||
| 020 | _qHard Cover. | ||
| 082 | _a624.1 | ||
| 100 | _aMuhammad Arslan Adil Choudhary. | ||
| 245 |
_aManagement of Dynamically Complex Projects (An Application of Agile Techniques) / _cMuhammad Arslan Adil Choudhary. |
||
| 260 |
_aIslamabad: _bNIT NUST, _c2015. |
||
| 300 |
_a96 p. : _bill. ; _c30cm. |
||
| 942 |
_2ddc _cTHE |
||
| 650 |
_aConstruction Engineering and Management MS-Thesis. _917023 |
||
| 700 |
_aDr. Muhammad Jamaluddin Thaheem _916295 |
||